Co to za piłkarz? #1 - Statystyki

Ogólne statystyki
  • Ten quiz został rozwiązany 1 186 razy
  • Średni wynik to 6 z 15
Statystyki odpowiedzi
Pytanie Odpowiedź % Poprawnych
Środkowy pomocnik. W latach 2016-2018 zdobył 2 razy Mistrzostwo Anglii oraz Mistrzostwo Świata. N'Golo Kante
69%
Japoński pomocnik. Błysnął formą na Mundialu w 2010 roku. Były zawodnik CSKA Moskwa, czy AC Milan. Keisuke Honda
68%
Hiszpański boczny obrońca. Dwa razy dotarł do finału Ligi Mistrzów i oba przegrał. Po sezonie 2018/19 pożegnał się z klubem, w którym spędził ponad 8 lat. Juanfran
62%
Były pomocnik Arsenalu. Obecnie asystent jednego z najlepszych trenerów na świecie Mikel Arteta
52%
Francuski boczny obrońca. Były zawdonik m. in. Manchesteru City, czy Arsenalu. Obecnie Montreal Impact. Bacary Sagna
50%
34-letni hiszpański środkowy pomocnik jednego z Mediolańskich klubuów. Wychowanek Realu Madryt. Borja Valero
47%
Urugwajski napastnik klubu z Katalonii. W reprezentacji zdobył 5 bramek w 44 meczach. Christian Stuani
42%
Mistrz Świata 2010, Mistrz Europy 2012, Liga Mistrzów 2009, 2011, 2015. Mistrz Anglii 2017 Pedro Rodriguez
29%
Obrońca. Grywał zarówno z Leo Messim, jak i z Cristiano Ronaldo. W 2017 roku zmienił klub za ok. 35 milionów euro. Nelson Semedo
27%
Kiedyś wielka nadzieja Manchesteru United. Teraz grywa baskijskim klubie w Primera Division Adnan Januzaj
26%
Marokański skrzydłowy klubu z Galicji. Były gracz Lille, czy Southampton Sofiane Boufal
25%
Mistrz Świata z 2014 roku. Nie pamięta meczu finałowego, choć w nim zagrał. Obecnie zawdonik jednej z Borussii. Cristoph Kramer
24%
Przyjaciel Neymara. Niewypał w Sevilli. Ganso
16%
Angielski pomocnik/napastnik. W 2017 roku zmienił klub, pozostając w Premier League. W kwietnu 2018 roku zerwał więzadła krzyżowe. Alex Oxlade-Chamberlain
14%
Grywał w takich klubach jak (nie w kolejności): Tottenham, FC Barcelona, Borussia Dortmund, AC MIlan Kevin-Prince Boateng
11%
Nie znaleziono quizów pasujących do podanych kryteriów
Rozkład punktacji
Procent ludzi z każdym wynikiem
Percentyl według liczby udzielonych odpowiedzi
Twoja historia wyników
Nie rozwiązałeś tego quizu